1837 1123 1886 1121 1983 1515 1395 1139 1675 1509 1881 1908 1164 1784 1265 1830 1318 1547 1844 1838 1540 1249 1364 1572 1904 1435 1145 1114 1535 1043 1487 1903 1826 1008 1118 1496 1199 1594 1134 1603 1247 1823 1380 1703 1836 1715 1619 1127 1067 1114 1983 1844 1357 1745 1604 1529 1386 1245 1290 1681 1693 1448 1013 1757 1711 1266 1482 1875 1548 1330 1968 1004 1211 1119 1196 1627 1196 1201 1650 1290 1830 1054 1666 1150 1549 1366 1340 1871 1619 1053 1791 1704 1756 1195 1864 1767 1041 1004 1751 BCNSPRNW ULIB Ver.6.0+V

เปลี่ยนเป็นภาษาไทย

Change to English
 แสดงรายละเอียดบรรณานุกรม
  กลับหน้าหลัก

Brief Record : Get Marc (ISO 2709) : E-mail record : QR code < ปิดหน้าต่าง
LEADER : 00000nam 2200000uu 4500
001    13399122531
003     ULIB
008    130718s2554||||th 000 0 tha d
020    9786167047669
050 04 ^aBQ5578^bศ332ส
100 1  ^aศักดิ์สิทธิ์ พันธุ์สัตย์
245 10 ^aสวดมนต์พ้นหนี้กรรม /^cศักดิ์สิทธิ์ พันธุ์สัตย์
260    ^aกรุงเทพฯ :^bเลี่ยงเชียง เพียรเพื่อพุทธศาสตร์,^c2554
300    ^a159 หน้า
650  7 ^aสวดมนต์
650  7 ^aหนังสือสวดมนต์
945    ^p80^l0^i19984
949    ^aทศพร
999    ^aทศพร เกษรทอง
รายการนี้ยังไม่มีแท็ก
คุณยังไม่ได้ล็อกอิน คุณสามารถมีกิจกรรมร่วมกับเว็บไซต์ได้ แต่ต้องล็อกอินก่อน ::
  ล็อกอิน

รายการสื่อสารสนเทศ

ลำดับที่ ประเภท เลขเรียก/บาร์โค้ด สถานที่ สถานะ
1. การศึกษาทั่วไป
การศึกษาทั่วไป
BQ5578 ศ332ส ฉ.1 
  Barcode: 19984
ห้องสมุดวิทยาเขตสวรรค์ประชารักษ์
►หนังสือทั่วไป
บนชั้น

รายการใกล้เคียง
    หัวเรื่อง [สวดมนต์]
    หัวเรื่อง [หนังสือสวดมนต์]

BibComment


ยังไม่เคยถูกคอมเมนท์

คอมเมนท์ทรัพยากรรายการนี้
  คอมเมนท์: สวดมนต์พ้นหนี้กร..


 Copyright 2026. Bcnsprnw @Library